000 00735nam a2200205Ii 4500
003 JO-AjNU
008 230605s9999||||xx |||||||||||||| ||und||
040 _aJO-AjNU
_bara
_erda
_cJO-AjNU
041 _aara
050 1 4 _aDS248.M5.T372 1984
100 3 _aتحقيق وتعليق التونجي، محمد,
_eauthor
_98384
245 0 0 _aتراجم أعيان المدينة المنورة في القرن 12 الهجري
250 _aط1
264 3 1 _aجدة: دار الشروق، 1984
300 _a158ص
336 _atext
_btxt
_2rdacontent
337 _aunmediated
_bn
_2rdamedia
338 _avolume
_bnc
_2rdacarrier
650 4 _aتراجم المينة المنورة القرن 12 هجري - السعودية-تاريخ
_98385
999 _aA760
_c4328
_d4328